Journal of food products marketing.

Bibliographic Details
Uniform Title:Journal of food products marketing (Online)
Format: Journal
Language:English
Published: Binghamton, N.Y. : Haworth Press.
Subjects:
Online Availability: Check for online availability

MARC

Tag First Indicator Second Indicator Subfields
LEADER 00000cas a22000007a 4500
001 in00002363370
005 20151108090545.0
006 m d
007 cr cnu||||||||
008 020613c19929999nyuqr pss 0 a0eng c
010 |a  2002214303 
022 0 |a 1540-4102  |y 1045-4446 
029 1 |a OCLCS  |b 9952 
029 1 |a OCLCS  |b OP-13186 
029 1 |a NZ1  |b 6977312 
035 |a (OCoLC)ocm49991271 
035 |a (OCoLC)49991271 
037 |b The Haworth Press, Inc., 10 Alice St., Binghamton, NY 13901-1580 
040 |a NSD  |c NSD  |d OCLCQ  |d OCL  |d OCLCQ  |d TXA  |d UtOrBLW 
042 |a nsdp  |a lcd 
043 |a n-us--- 
049 |a TXAM 
082 1 0 |a 664  |2 13 
090 |a HD9000.1  |b .J677 Electronic 
130 0 |a Journal of food products marketing (Online) 
222 0 |a Journal of food products marketing  |b (Online) 
245 1 0 |a Journal of food products marketing. 
264 1 |a Binghamton, N.Y. :  |b Haworth Press. 
310 |a Quarterly 
336 |a text  |b txt  |2 rdacontent 
337 |a computer  |b c  |2 rdamedia 
338 |a online resource  |b cr  |2 rdacarrier 
362 1 |a Began in 1992. 
500 |a Description based on printout of: Volume 8, number 1 (2000); title from journal screen (viewed Oct. 21, 2003). 
530 |a Also issued in print. 
538 |a Mode of access: World Wide Web. 
500 |a Electronic resource. 
650 0 |a Food  |x Marketing  |v Periodicals. 
650 0 |a Food industry and trade  |z United States  |v Periodicals. 
776 1 |t Journal of food products marketing  |x 1045-4446  |w (DLC) 92643414  |w (OCoLC)20113582 
948 |a cataloged  |b h  |c 2008/2/29  |d c  |e spoltoratski 
994 |a C0  |b TXA 
999 |a MARS 
999 f f |s 477971ba-6f89-36c2-8fb1-63e93889fd5c  |i 3f3bd25c-0187-344c-adf4-e8608f45d8ed  |t 0 
952 f f |a Texas A&M University  |b College Station  |c Electronic Resources  |d Available Online  |t 0  |e HD9000.1 .J677  |g Electronic  |h Library of Congress classification 
998 f f |a HD9000.1 .J677  |t 0  |l Available Online